000 00691nam a2200205Ia 4500
003 GCL
005 20240530103848.0
008 140319s9999 xx 000 0 ara d
040 _aGCL /
_cGCL
082 0 4 _a944.04
_bل ع
100 1 _aليفيبر ، جورج
245 1 0 _aعصر الثورة الفرنسية /
_cتاليف جورج ليفيبر ؛ تعريب جلال يحيى
260 _aالقاهرة :
_bالهيئة المصرية العامة للكتاب ،
300 _a525 ص
490 _aكتاب
_v0
650 0 4 _aفرنسا, تاريخ
650 0 4 _aاوربا - تاريخ
650 0 4 _aفرنسا - تاريخ - الثورةالفرنسية
942 _2ddc
_cBK
999 _c43058
_d43058